000 01195nam a2200301 c 4500
003 BLK
005 20180422112839.0
008 180410b bul|||||r ||||||| ||bul||
010 _aKNG00154738000
040 _aBLK
041 _aBUL
_cBUL
080 _aЧешка литература
_b821.162.3
_x-93-34
_z821.162.3-93-34
100 1 _aРжиха, Бохумил
_eпърви автор
_9115997
700 1 _aКудлачек, Ян
_eил.
_985127
700 1 _aРаковски, Вътьо Драганов
_eпрев. от чеш.
_9365171
139 _aРжиха, Бохумил
_bР 57
245 1 0 _aСватба в езерото
_cБохумил Ржиха; ил. Ян Кудлачек; прев. от чеш. Вътьо Драганов Раковски.
257 _aCHE
260 Прага
_bАртия
_c1985
300 _a62 с.
_bс ил.
_c29 см
380 _aDX
500 _aБез сведение за ориг. загл.
852 _aЦб ІІ 19161
856 4 _qpdf
_u
856 4 _qpdf
_u
942 _cKNG
_n0
944 _aCR
_c13.12.2013
_l13.12.2013 - от С1,Р / 13.12.2013
_kДаниел_Канатов
944 _aED
_c27.09.2017
_l13.12.2013 - от С1,Р / 13.12.2013
_kВася_Ганчева
999 _c148515
_d148515